000
00336nam a2200169Ia 4500
100
_a
Rao/Nageswara
650
_a
C Programming
942
_c
BK
366
_f
20
654
_a
core python
245
_a
Core python programming
260
_b
Dreamtech
_c
2018
082
_b
RAO
300
_a
733
546
_a
ENGLISH
999
_c
25846
_d
25846